00808nam a22002417a 450000500170000001000110001702000100002803500110003803700170004904000120006608200130007810000360009124500980012726000450022527000120027030000320028250000330031465000380034765000220038594200220040799900190042995201180044820170124110041.0 a560234 c00.00 a560234 bCen Lib/ Ret aDPLbEN a921bGAL aGalbraith, John Kenneth 910992 aAmbassador's journal :cby John Kenneth Galbraith ba personal account of the kennedy years / aBoston bHoughton Mifflin Company c1969 bBoston  axx, 582p. ;c21cm(Hb)bill. aIncludes appendix and index  aPolitical science xLeader923801 aBiographies 9618 2ddccENh921mGAL c128572d128572 00104070aLbLd2015-07-02eCen Lib/Retg0.00l0o921 GALp560234r2015-07-02 00:00:00t1v0.00w2015-07-02yEN